000 00346nam a2200133Ia 4500
008 240624s9999 xx 000 0 und d
041 _aeng
082 _a658.45 LUD
100 _aLUDLOW RON
245 _aESSENCE OF EFFECTIVE COMMUNICATION
260 _c2003
_aNew Delhi
_bPrentice-Hall of India
300 _avi, : 156 : p. : cm. ; 23
365 _cRS
999 _c250
_d250